Loading...
| Auditory Arts | 4 | 5.00 | 25% | 25% | 0% |
| Beliefs | 7 | 8.57 | 71% | 14% | 0% |
| Current Events | 2 | 20.00 | 100% | 100% | 0% |
| Fine Arts - Other Arts | 2 | 10.00 | 100% | 0% | 0% |
| Geography | 1 | 20.00 | 100% | 100% | 0% |
| History - American History | 6 | 13.33 | 83% | 50% | 0% |
| History - Ancient History | 1 | 10.00 | 100% | 0% | 0% |
| History - European History | 4 | 12.50 | 100% | 25% | 0% |
| History - Other History | 2 | 10.00 | 50% | 50% | 0% |
| History - World History | 4 | 15.00 | 100% | 50% | 0% |
| Literature - American Literature | 5 | 6.00 | 60% | 0% | 0% |
| Literature - British Literature | 5 | 14.00 | 100% | 40% | 0% |
| Literature - European Literature | 3 | 16.67 | 100% | 67% | 0% |
| Literature - World Literature | 4 | 12.50 | 100% | 25% | 0% |
| Other Academic | 2 | 5.00 | 0% | 50% | 0% |
| Philosophy | 2 | 25.00 | 100% | 100% | 50% |
| Science - Biology | 3 | 13.33 | 100% | 33% | 0% |
| Science - Chemistry | 4 | 10.00 | 100% | 0% | 0% |
| Science - Other Science | 4 | 17.50 | 100% | 50% | 25% |
| Science - Physics | 5 | 14.00 | 80% | 60% | 0% |
| Social Science | 6 | 16.67 | 100% | 50% | 17% |
| Visual Arts | 3 | 10.00 | 67% | 33% | 0% |